000 00567cam a2200205ua 4500
001 11178
005 20260515114721.0
008 190903n ii |||gr||||Z||||||asm
020 _a9788172132804
040 _cMAIN
082 _a305.4
100 _aDr. Dipankar Gogoi,
_eAuthor.,
245 _aUnbingsha satikar asomiya naree :
_b`orunodoi`r abalookan /
_cBy dr. dipankar gogoi .
250 _a1st ed.
260 _aGuwhati:
_bPurbanchal Prakash,
_c2016.
300 _a183p.
653 _aSocial groups
653 _aWomen in nineteenth century
942 _cBK
999 _c10031
_d10031